• 首页
  • 本馆介绍
  • 公告通知
  • 最新文献
  • 馆藏检索
  • 电子资源
  • 读者导购
  • 参考咨询
  • 我的图书馆
  • 登录
  • 详细信息显示
  • 放入我的书架
  • 预约/预借图书
  • 作者相关作品
  • 分类相关作品
  • 丛书相关作品
  • 出版社相关作品

书目信息

  • 表格格式
  • 工作单格式
  • 卡片格式
题名:
舞蹈训练中的身体语言分析与应用
    
 
作者: 吴建秀 著
分册:  
出版信息: 长春   吉林美术出版社  2018
页数: 229页
开本: 24cm
丛书名:
单 册:
中图分类: J712.2
科图分类:
主题词: 舞蹈训练--研究
电子资源:
ISBN: 978-7-5575-2824-9
000 00788nam0 2200229 450
001 012001012516
005 20131107094257.0
010    @a978-7-5575-2824-9@dCNY49.00
100    @a20190109d2018 em y0chiy50 ea
101 0  @achi
102    @aCN@b220000
105    @ay z 000yy
106    @ar
200 1  @a舞蹈训练中的身体语言分析与应用@9wu dao xun lian zhong de shen ti yu yan fen xi yu ying yong@f吴建秀著
210    @a长春@c吉林美术出版社@d2018
215    @a229页@d24cm
330    @a本书共九章,内容包括:身体语言本质研究、表演艺术中的身体语言、舞蹈艺术的审美特征、舞蹈身体语言语义分析、舞蹈艺术与身体的审美关系等。
606 0  @a舞蹈训练@x研究
690    @aJ712.2@v5
701  0 @a吴建秀@9wu jian xiu@4著
801  0 @aCN@b上海新华@c20191020
905    @b1179660-3@dJ712.2@e248@f4
    
    舞蹈训练中的身体语言分析与应用/吴建秀著.-长春:吉林美术出版社,2018
    229页;24cm
    
    
    ISBN 978-7-5575-2824-9:CNY49.00
    本书共九章,内容包括:身体语言本质研究、表演艺术中的身体语言、舞蹈艺术的审美特征、舞蹈身体语言语义分析、舞蹈艺术与身体的审美关系等。
●
相关链接 在E读中查询图书 在五车中查询图书 在当当中查询图书 在豆瓣中查询图书


正题名:舞蹈训练中的身体语言分析与应用     索取号:J712.2/248         预约/预借

序号 登录号 条形码 馆藏地/架位号 状态 备注
1 1179660   211796608   第一样本阅览室/ [索取号:J712.2/248] 在馆    
2 1179661   211796617   第一借阅区/ [索取号:J712.2/248] 在馆    
3 1179662   211796626   第一借阅区/ [索取号:J712.2/248] 在馆    
4 1179663   211796635   第一借阅区/ [索取号:J712.2/248] 在馆    
唐山师范学院图书馆 欢迎您!
大连网信软件有限公司© 版权所有